Využitie inovačných príležitostí v Kúpeľoch Vyšné Ružbachy diplomová práca

Salvato in:
Dettagli Bibliografici
Autore principale: Pudmarčíková, Anna
Ente Autore: Obchodná fakulta EU. Katedra tovaroznalectva a kvality tovaru
Altri autori: Knošková, Ľubica, 1965-
Natura: Libro
Lingua:slovacco
Pubblicazione: Bratislava 2012
Tags: Aggiungi Tag
Nessun Tag, puoi essere il primo ad aggiungerne!!

MARC

LEADER 00000nbm a2200000 4500
001 0158814
005 20161109102209.9
041 0 |a slo 
044 |a SK 
245 1 0 |a Využitie inovačných príležitostí v Kúpeľoch Vyšné Ružbachy  |b diplomová práca  |c Anna Pudmarčíková ; školiteľ: Ľubica Knošková 
264 1 |a Bratislava  |c 2012 
300 |a 80 s. 
100 1 |a Pudmarčíková, Anna 
700 1 |a Knošková, Ľubica, 1965- 
710 2 |a Obchodná fakulta EU. Katedra tovaroznalectva a kvality tovaru